000 01017nam a2200265Ia 4500
003 OSt
005 20221005104539.0
006 a|||||r|||| 00| 0
007 ta
008 221004b |||||||| |||| 00| 0 hin d
020 _a9788170282716 (hbk)
_cINR 125.00
024 _a41520
037 _b286, 15/02/2019, Eastern Book Linkers
_cTextual
040 _aCRL
_cCRL
_bhin
041 _2hin
_ahin
082 _aQ4:33, 152Q8
100 _aराधाकृष्णन्, सर्वेपल्लि, ले.
_91261
245 0 _aगौतम बुद्ध
_b जीवन और दर्शन
246 _aGautam buddha: jīvan aur darshana
260 _aदिल्ली
_bराजपाल एण्ड सन्ज भारत
_c2018
300 _a55पृ0
_ccm.
650 _aधर्म
942 _hQ4:33, 152Q8
_cTEXL
_2cc
999 _c1013057
_d1013057